Invisibles vampires (notice n° 1605567)
[ vue normale ]
| 000 -LEADER | |
|---|---|
| fixed length control field | 01094cam a2200181 4500500 |
| 005 - DATE AND TIME OF LATEST TRANSACTION | |
| control field | 20251228095111.0 |
| 041 ## - LANGUAGE CODE | |
| Language code of text/sound track or separate title | fre |
| 042 ## - AUTHENTICATION CODE | |
| Authentication code | dc |
| 100 10 - MAIN ENTRY--PERSONAL NAME | |
| Personal name | Motoret, Laurence |
| Relator term | author |
| 245 00 - TITLE STATEMENT | |
| Title | Invisibles vampires |
| 260 ## - PUBLICATION, DISTRIBUTION, ETC. | |
| Date of publication, distribution, etc. | 2020.<br/> |
| 500 ## - GENERAL NOTE | |
| General note | 31 |
| 520 ## - SUMMARY, ETC. | |
| Summary, etc. | Depuis le xixe siècle, les vampires passionnent les artistes. Écrivains, dessinateurs, cinéastes renchérissent les uns sur les autres jusqu’à faire évoluer la notion d’invisible qui les accompagne. |
| 520 ## - SUMMARY, ETC. | |
| Summary, etc. | Since the nineteenth century, artists have been fascinated by vampires. Writers, drawers and filmmakers have vied with one another to the extent that the notion of invisibility linked to vampires has evolved. |
| 520 ## - SUMMARY, ETC. | |
| Summary, etc. | Desde o século xix que os vampiros fascinam os artistas. Escritores, desenhadores e cineastas rivalizam uns com os outros, reconfigurando incessantemente a noção de invisibilidade associada a esta figura. |
| 786 0# - DATA SOURCE ENTRY | |
| Note | Sigila | 45 | 1 | 2020-05-14 | p. 167-177 | 1286-1715 |
| 856 41 - ELECTRONIC LOCATION AND ACCESS | |
| Uniform Resource Identifier | <a href="https://shs.cairn.info/revue-sigila-2020-1-page-167?lang=fr&redirect-ssocas=7080">https://shs.cairn.info/revue-sigila-2020-1-page-167?lang=fr&redirect-ssocas=7080</a> |
Pas d'exemplaire disponible.




Réseaux sociaux